[Event "Int. Stuttgarter Stadtmeisterschaft B"]
[Site "Ditzingen"]
[Date "2014.05.30"]
[Round "5.31"]
[White "Haro, Niel"]
[Black "Koeller, Horst"]
[Result "1/2-1/2"]
[WhiteElo "1526"]
[BlackElo "1718"]
[PlyCount "92"]
[EventDate "2014.??.??"]
[WhiteTeam "Stuttgarter SF 1879"]

1. Nf3 d5 2. d4 Nf6 3. g3 c6 4. Bg2 e6 5. Bg5 h6 6. Bf4 Nbd7 7. O-O Be7 8. Nc3
O-O 9. Qd3 a6 10. Rfe1 Nh5 11. Bc1 f5 12. Qe3 Nb6 13. b3 Bd6 14. Nh4 Qe8 15. f4
Nf6 16. h3 Bd7 17. a4 Rd8 18. Nf3 Bc8 19. Ne5 Nbd7 20. Bd2 Ne4 21. Nxe4 dxe4
22. Ba5 b6 23. Bd2 Nxe5 24. fxe5 Be7 25. Bc3 Bg5 26. Qf2 Qg6 27. e3 Be7 28. Kh2
Bb7 29. Rg1 Qh7 30. Qe2 g5 31. Raf1 h5 32. Be1 c5 33. c3 cxd4 34. cxd4 g4 35.
h4 Rc8 36. Bf2 Rc7 37. Qb2 Rfc8 38. Rc1 Bb4 39. Rc4 a5 40. Rgc1 Bd5 41. Rxc7
Rxc7 42. Rxc7 Qxc7 43. Bf1 Kf7 44. Kg1 Ke7 45. Bb5 Qc8 46. Kg2 Qc7 1/2-1/2

[Event "Int. Stuttgarter Stadtmeisterschaft B"]
[Site "Ditzingen"]
[Date "2014.05.30"]
[Round "5.32"]
[White "Ellinger, Harald"]
[Black "Gottwald, Helmut"]
[Result "1/2-1/2"]
[WhiteElo "1854"]
[BlackElo "1597"]
[PlyCount "32"]
[EventDate "2014.??.??"]
[WhiteTeam "SK e4 Gerlingen"]
[BlackTeam "SV Dicker Turm Esslingen"]

1. Nf3 Nf6 2. d4 e6 3. c4 Bb4+ 4. Bd2 Bxd2+ 5. Qxd2 O-O 6. Nc3 b6 7. e4 Bb7 8.
Bd3 d6 9. O-O-O Nbd7 10. Rdg1 d5 11. exd5 exd5 12. cxd5 Nxd5 13. Ne4 N7f6 14.
Kb1 a5 15. a3 Nxe4 16. Bxe4 Nc3+ 1/2-1/2

[Event "Int. Stuttgarter Stadtmeisterschaft B"]
[Site "Ditzingen"]
[Date "2014.05.30"]
[Round "5.33"]
[White "Schröder, Stefan"]
[Black "Blum, Michael"]
[Result "1-0"]
[WhiteElo "1845"]
[BlackElo "1594"]
[PlyCount "83"]
[EventDate "2014.??.??"]
[WhiteTeam "EUROCOPTER SG Donauwörth e.V."]
[BlackTeam "SC Aidlingen"]

1. d4 Nf6 2. Nf3 g6 3. c3 d5 4. Bg5 Ne4 5. Bf4 Bg7 6. Qb3 O-O 7. Nbd2 Nxd2 8.
Nxd2 Re8 9. Nf3 c6 10. e3 Nd7 11. Be2 e5 12. dxe5 Nxe5 13. Rd1 Nd7 14. Nd4 Nc5
15. Qc2 Be5 16. Bxe5 Rxe5 17. Nf3 Re7 18. O-O Bf5 19. Qc1 Qa5 20. b4 Qxa2 21.
Rd2 Qxd2 22. Qxd2 Ne4 23. Qb2 a6 24. Nd4 Bd7 25. Bd3 Nd6 26. Qc2 Rc8 27. Nb3
Rce8 28. Nc5 Bg4 29. Be2 Bf5 30. Qd1 Re5 31. Bg4 R8e7 32. Bxf5 Nxf5 33. Qa4 Nd6
34. Qa5 Kg7 35. Qd8 Nc4 36. Nd7 Rxd7 37. Qxd7 Nd2 38. Rd1 Ne4 39. Rc1 Kf6 40.
Qxb7 Re6 41. Qxa6 c5 42. Qd3 1-0

[Event "Int. Stuttgarter Stadtmeisterschaft B"]
[Site "Ditzingen"]
[Date "2014.05.30"]
[Round "5.34"]
[White "Handel, Oliver"]
[Black "Behm, Wilfried"]
[Result "0-1"]
[WhiteElo "1597"]
[BlackElo "1844"]
[PlyCount "110"]
[EventDate "2014.??.??"]
[WhiteTeam "SF 59 Kornwestheim"]
[BlackTeam "SV Stuttgart-Wolfbusch 1956 e.V."]

1. e4 e6 2. d4 d5 3. Nc3 Nf6 4. e5 Nfd7 5. f4 c5 6. Nf3 Be7 7. Ne2 Nc6 8. c3
O-O 9. g3 f6 10. Bh3 f5 11. O-O Qb6 12. Qc2 Rf7 13. Be3 c4 14. Qd2 h6 15. g4 g6
16. gxf5 gxf5 17. Kh1 Kh7 18. Rg1 Nf8 19. Rg2 Ng6 20. Rag1 Rg7 21. Ng3 Bd7 22.
Nh5 Rag8 23. Nxg7 Rxg7 24. Bf2 Qd8 25. Qe1 Be8 26. Bh4 Bf7 27. Bxe7 Ncxe7 28.
Nh4 Rg8 29. Nxg6 Nxg6 30. Qf2 b5 31. Rg3 a5 32. b3 Qb6 33. Rb1 Rc8 34. Bf1 Be8
35. Be2 b4 36. bxc4 dxc4 37. Qf1 Bc6+ 38. Kg1 Be4 39. Rc1 bxc3 40. Rgxc3 Qxd4+
41. Qf2 Nxf4 42. Kf1 Nxe2 43. Kxe2 Bd3+ 44. Ke1 Qe4+ 45. Kd2 Rg8 46. Rg1 Rxg1
47. Qxg1 Qe2+ 48. Kc1 Qxe5 49. Kb2 Qg7 50. Qxg7+ Kxg7 51. Ra3 f4 52. Kc1 f3 53.
Rxd3 cxd3 54. Kd2 e5 55. Kxd3 e4+ 0-1

[Event "Int. Stuttgarter Stadtmeisterschaft B"]
[Site "Ditzingen"]
[Date "2014.05.30"]
[Round "5.35"]
[White "Rühl, Volker"]
[Black "Boschmann, Werner"]
[Result "1-0"]
[WhiteElo "1831"]
[BlackElo "1550"]
[PlyCount "71"]
[EventDate "2014.??.??"]
[WhiteTeam "VfL Sindelfingen"]
[BlackTeam "SC Widdern"]

1. e4 e5 2. Nf3 Nc6 3. Bb5 a6 4. Ba4 Nf6 5. O-O Nxe4 6. Re1 Nc5 7. Bxc6 dxc6 8.
Nxe5 Be7 9. d4 Ne6 10. Be3 O-O 11. Nc3 Bb4 12. Qd3 f6 13. Nf3 b6 14. a3 Be7 15.
Rad1 Bd7 16. Re2 Ng5 17. Bxg5 fxg5 18. Qc4+ Kh8 19. Ne5 Be8 20. Nxc6 Bxc6 21.
Qxc6 h6 22. Nd5 Bd6 23. Rde1 a5 24. c4 Qc8 25. c5 bxc5 26. dxc5 Ra6 27. Qa4
Bxc5 28. Qc2 Bd6 29. Ne7 Bxe7 30. Rxe7 Raf6 31. Rxc7 Qa6 32. Re2 Qb6 33. Rc8
Qa7 34. h3 Qb7 35. Ree8 Qf7 36. Rxf8+ 1-0

[Event "Int. Stuttgarter Stadtmeisterschaft B"]
[Site "Ditzingen"]
[Date "2014.05.30"]
[Round "5.36"]
[White "Kissel, Ralf"]
[Black "Jüttner, Maik"]
[Result "1-0"]
[WhiteElo "1759"]
[BlackElo "1505"]
[PlyCount "55"]
[EventDate "2014.??.??"]
[WhiteTeam "SK 1912 Ludwigshafen"]
[BlackTeam "SpVgg Rommelshausen"]

1. e4 e6 2. d4 d5 3. exd5 exd5 4. c4 Nf6 5. Bg5 Be7 6. Nc3 Ng4 7. Qe2 dxc4 8.
Bxe7 Qxe7 9. Qxe7+ Kxe7 10. Bxc4 Re8 11. Nge2 c6 12. h3 Nf6 13. O-O Kf8 14.
Rfe1 Be6 15. Bd3 Kg8 16. Nf4 Bd7 17. Na4 b6 18. h4 c5 19. Nc3 cxd4 20. Ncd5
Rxe1+ 21. Rxe1 Nxd5 22. Nxd5 Nc6 23. Bb5 Re8 24. Rxe8+ Bxe8 25. Bxc6 Bxc6 26.
Ne7+ Kf8 27. Nxc6 d3 28. Kf1 1-0

[Event "Int. Stuttgarter Stadtmeisterschaft B"]
[Site "Ditzingen"]
[Date "2014.05.30"]
[Round "5.37"]
[White "Helmich, Jörg"]
[Black "Fürderer, Carl"]
[Result "1-0"]
[WhiteElo "1749"]
[BlackElo "1546"]
[PlyCount "80"]
[EventDate "2014.??.??"]
[WhiteTeam "Regensb. Turnerschaft"]
[BlackTeam "SC Weiße Dame Ulm e.V."]

1. d4 d5 2. c4 e6 3. Nf3 Nc6 4. e3 Nf6 5. Nc3 b6 6. Bd3 dxc4 7. Bxc4 Be7 8. O-O
O-O 9. a3 Bb7 10. b4 Bd6 11. Bb2 Ne7 12. Re1 Ned5 13. Nxd5 Nxd5 14. e4 Nf4 15.
e5 Be7 16. Bf1 Qd7 17. g3 Nd5 18. Bg2 Rad8 19. Rc1 Qc8 20. Qc2 Rd7 21. Nd2 Qa8
22. Ne4 Rfd8 23. Nc3 Nxb4 24. Bxb7 Nxc2 25. Bxa8 Nxe1 26. Bc6 Nd3 27. Rc2 Nxb2
28. Bxd7 Rxd7 29. Rxb2 c6 30. Ne2 Bxa3 31. Rc2 c5 32. dxc5 Bxc5 33. Nc3 h6 34.
Ne4 Rd5 35. Nxc5 Rxc5 36. Ra2 a5 37. Rb2 b5 38. f4 a4 39. Kf1 a3 40. Rb3 a2 1-0

[Event "Int. Stuttgarter Stadtmeisterschaft B"]
[Site "Ditzingen"]
[Date "2014.05.30"]
[Round "5.38"]
[White "Schmitz, Harald"]
[Black "Kreiner, Bernhard"]
[Result "1-0"]
[WhiteElo "1726"]
[BlackElo "1409"]
[PlyCount "85"]
[EventDate "2014.??.??"]
[WhiteTeam "SC Aidlingen"]
[BlackTeam "SC Neckarsulm e.V."]

1. e4 d6 2. d4 c6 3. Nf3 Bg4 4. Be2 Qc7 5. Nc3 g6 6. Be3 Bg7 7. h3 Bxf3 8. Bxf3
Nd7 9. O-O h5 10. Qd2 Bh6 11. Rfe1 Bxe3 12. Qxe3 O-O-O 13. a4 Nh6 14. b4 Rdg8
15. b5 g5 16. Bxh5 Nf5 17. exf5 Rxh5 18. g4 Rhh8 19. Kg2 d5 20. Qg3 Qxg3+ 21.
Kxg3 Kd8 22. bxc6 bxc6 23. Rab1 Rh6 24. Re3 Rgh8 25. Kg2 Nb6 26. Rg3 f6 27. a5
Nc4 28. a6 Nb6 29. Rb4 Kc7 30. Ne2 Rb8 31. f4 Rhh8 32. fxg5 fxg5 33. Re3 Kd6
34. Re6+ Kd7 35. Rg6 Nc4 36. Rxb8 Rxb8 37. Rxg5 Rb6 38. h4 Rxa6 39. h5 Rb6 40.
h6 Rb8 41. h7 Rh8 42. Rh5 Ke8 43. Nf4 1-0

[Event "Int. Stuttgarter Stadtmeisterschaft B"]
[Site "Ditzingen"]
[Date "2014.05.30"]
[Round "5.39"]
[White "Wurm, Frank"]
[Black "Domingos, Antonio"]
[Result "0-1"]
[WhiteElo "1593"]
[BlackElo "1690"]
[PlyCount "66"]
[EventDate "2014.??.??"]
[WhiteTeam "SF Simmersfeld"]
[BlackTeam "SF Oeffingen e.V."]

1. e4 e6 2. d4 d5 3. exd5 exd5 4. c3 Nf6 5. Bg5 Be7 6. Nd2 O-O 7. Qc2 Re8 8.
O-O-O Ng4 9. Be3 Nxe3 10. fxe3 Bg5 11. e4 dxe4 12. Kb1 Bf5 13. Nc4 Bg6 14. Re1
f6 15. Ne3 a5 16. Qb3+ Kh8 17. Qxb7 Nd7 18. Qb3 f5 19. g3 f4 20. gxf4 Bxf4 21.
Qc2 Rf8 22. Bh3 Nb6 23. c4 Qxd4 24. Nf5 Bxf5 25. Bxf5 Rxf5 26. Rxe4 Qd2 27. Nf3
Qxc2+ 28. Kxc2 Bd6 29. Nd4 Rf2+ 30. Kd3 h6 31. Re2 Raf8 32. Ne6 Rxe2 33. Kxe2
Re8 0-1

[Event "Int. Stuttgarter Stadtmeisterschaft B"]
[Site "Ditzingen"]
[Date "2014.05.30"]
[Round "5.40"]
[White "Schranz, Patrick"]
[Black "Mayer, Markus"]
[Result "0-1"]
[WhiteElo "1512"]
[BlackElo "1631"]
[PlyCount "62"]
[EventDate "2014.??.??"]
[WhiteTeam "SC Feuerbach e. V."]
[BlackTeam "SC Erdmannhausen"]

1. d4 e6 2. c4 d5 3. Nc3 Nf6 4. Nf3 Be7 5. Bf4 c6 6. e3 Nh5 7. Ne5 Nxf4 8. exf4
Nd7 9. Bd3 dxc4 10. Nxc4 Nb6 11. Ne2 Nxc4 12. Bxc4 Qa5+ 13. Nc3 b5 14. Bb3 Bb7
15. O-O O-O-O 16. Qg4 g6 17. Ne2 h5 18. Qg3 Rdg8 19. Qc3 b4 20. Qc4 Kd7 21.
Rac1 h4 22. h3 Rf8 23. Rfd1 Rhg8 24. Bc2 Ba6 25. Qb3 Bxe2 26. Re1 Qb5 27. Qe3
Bc4 28. b3 Bd5 29. f5 gxf5 30. g3 hxg3 31. fxg3 Bd6 0-1

[Event "Int. Stuttgarter Stadtmeisterschaft B"]
[Site "Ditzingen"]
[Date "2014.05.30"]
[Round "5.42"]
[White "Gheng, Hannelore"]
[Black "Malitte, Matthias"]
[Result "1-0"]
[WhiteElo "1691"]
[BlackElo "1425"]
[PlyCount "113"]
[EventDate "2014.??.??"]
[WhiteTeam "SF Deizisau"]
[BlackTeam "SV Leonberg 1978 eV"]

1. e4 c5 2. Nf3 d6 3. d4 a6 4. Bd3 cxd4 5. Nxd4 Nf6 6. O-O Qb6 7. Nb3 Nc6 8.
Be3 Qc7 9. Nc3 b5 10. Nd5 Nxd5 11. exd5 Ne5 12. Be2 Bf5 13. Nd4 Be4 14. f3 Bxd5
15. Nxb5 Qb7 16. Nc7+ Qxc7 17. Qxd5 Qc6 18. Qxc6+ Nxc6 19. c3 g6 20. b4 Bg7 21.
b5 axb5 22. Bxb5 Rc8 23. Rfc1 O-O 24. a4 Na5 25. Ra3 d5 26. Bg5 f6 27. Bh4 Kf7
28. Kf1 Nc4 29. Ra2 Bh6 30. Rca1 Nd2+ 31. Ke2 Nb3 32. Kd3 Nxa1 33. Rxa1 Bf4 34.
a5 Rc5 35. c4 Rd8 36. Kd4 Rc7 37. Ra4 dxc4+ 38. Kc3 Be5+ 39. Kc2 c3 40. Be1 Rd4
41. Rxd4 Bxd4 42. a6 Ba7 43. g4 e5 44. h4 Ke6 45. Bd3 f5 46. Kb3 fxg4 47. fxg4
Kd5 48. Bxc3 e4 49. Be2 Bf2 50. h5 gxh5 51. gxh5 Bd4 52. Bxd4 Kxd4 53. Kb4 Kd5
54. Kb5 Kd6 55. Kb6 Kd7 56. a7 Rc6+ 57. Kb5 1-0

[Event "Int. Stuttgarter Stadtmeisterschaft B"]
[Site "Ditzingen"]
[Date "2014.05.30"]
[Round "5.43"]
[White "Thakkar, Amish"]
[Black "Weisensel, Wolfgang"]
[Result "1-0"]
[WhiteElo "1585"]
[BlackElo "1685"]
[PlyCount "63"]
[EventDate "2014.??.??"]
[WhiteTeam "Rochade Metzingen e.V."]
[BlackTeam "Stuttgarter SF 1879"]

1. e4 d5 2. exd5 Qxd5 3. Nc3 Qa5 4. Nf3 Bg4 5. d4 c6 6. Bc4 e6 7. O-O Nf6 8.
Bd2 Qc7 9. Re1 Be7 10. Ne4 Nbd7 11. h3 Bxf3 12. Qxf3 Nxe4 13. Rxe4 Nf6 14. Re2
O-O 15. Bg5 Rfe8 16. Rae1 Rad8 17. c3 Nd5 18. Bxe7 Nxe7 19. Bd3 Nd5 20. Re4 Nf6
21. Rh4 Qe7 22. Bxh7+ Nxh7 23. Qh5 Qf6 24. Qxh7+ Kf8 25. Rg4 Qh6 26. Qxh6 gxh6
27. Re3 f5 28. Rg6 h5 29. Rgxe6 Rxe6 30. Rxe6 Rd5 31. Re5 Rd6 32. Rxf5+ 1-0

[Event "Int. Stuttgarter Stadtmeisterschaft B"]
[Site "Ditzingen"]
[Date "2014.05.30"]
[Round "5.44"]
[White "Hartmann, Christian"]
[Black "Kovac, Marijo"]
[Result "1/2-1/2"]
[WhiteElo "1650"]
[BlackElo "1549"]
[PlyCount "88"]
[EventDate "2014.??.??"]
[WhiteTeam "SC Tarrasch 45 München"]
[BlackTeam "SC Schachmatt Botnang"]

1. e4 Nf6 2. e5 Nd5 3. Nf3 d6 4. d4 Bg4 5. c4 Nb6 6. Qb3 Nc6 7. Nbd2 e6 8. h3
Bxf3 9. Nxf3 dxe5 10. dxe5 Bb4+ 11. Ke2 Qd7 12. Bg5 Be7 13. Rd1 Qc8 14. Bxe7
Nxe7 15. g3 O-O 16. Bg2 c6 17. Rhe1 Qc7 18. Kf1 Ng6 19. Qc3 Rfd8 20. b3 Rxd1
21. Rxd1 Rd8 22. Re1 Qd7 23. Ng5 Qd3+ 24. Qxd3 Rxd3 25. Be4 Rd2 26. Bxg6 hxg6
27. Re2 Rd3 28. Kg2 Nd7 29. f4 Kf8 30. Ne4 Ke7 31. Nf2 Rd4 32. Kf3 Nc5 33. Ke3
Rd8 34. b4 Na4 35. Ne4 Rd1 36. Rd2 Re1+ 37. Kf3 Rb1 38. b5 cxb5 39. cxb5 Rxb5
40. Nd6 Rc5 41. Nxb7 Rc3+ 42. Kf2 Ra3 43. Na5 Rc3 44. Nb7 Nc5 1/2-1/2

[Event "Int. Stuttgarter Stadtmeisterschaft B"]
[Site "Ditzingen"]
[Date "2014.05.30"]
[Round "5.45"]
[White "Gheng, Christian"]
[Black "Steinhart, Matthias"]
[Result "0-1"]
[WhiteElo "1686"]
[BlackElo "1779"]
[PlyCount "32"]
[EventDate "2014.??.??"]
[WhiteTeam "TSV Schönaich"]
[BlackTeam "SF Freiberg"]

1. e4 e5 2. Nf3 Nc6 3. Bc4 Nf6 4. O-O Nxe4 5. d4 exd4 6. Nxd4 Be7 7. Nf5 d5 8.
Nxg7+ Kf8 9. Bxd5 Kxg7 10. Qh5 Nd6 11. Bh6+ Kg8 12. Bxc6 bxc6 13. Qe5 Nf5 14.
Re1 Be6 15. Re3 Nxh6 16. Rg3+ Ng4 0-1

[Event "Int. Stuttgarter Stadtmeisterschaft B"]
[Site "Ditzingen"]
[Date "2014.05.30"]
[Round "5.46"]
[White "Raabe, Stephan"]
[Black "Mejerski, Stephan"]
[Result "0-1"]
[WhiteElo "1575"]
[BlackElo "1672"]
[PlyCount "72"]
[EventDate "2014.??.??"]
[WhiteTeam "SF Freiberg"]
[BlackTeam "SK Schmiden/Cannstatt"]

1. d4 f5 2. c4 Nf6 3. Bg5 e6 4. Nf3 Be7 5. e3 O-O 6. Bd3 d5 7. cxd5 exd5 8. Nc3
c6 9. O-O Ne4 10. Bxe7 Qxe7 11. Ne2 Be6 12. Ne5 Nd7 13. Nxd7 Qxd7 14. f3 Ng5
15. Nf4 Rf6 16. Qc2 Raf8 17. h4 Nf7 18. g4 Nd6 19. g5 R6f7 20. g6 Rf6 21. gxh7+
Kxh7 22. Qh2 Rh6 23. Kf2 g5 24. Nxe6 Qxe6 25. h5 Kg7 26. Rg1 Kf6 27. Rae1 Rg8
28. e4 dxe4 29. fxe4 fxe4 30. Rgf1 Kg7 31. Qe5+ Qxe5 32. dxe5 exd3 33. exd6
Rf8+ 34. Kg2 Rxf1 35. Rxf1 Rxd6 36. Rd1 Kh6 0-1

[Event "Int. Stuttgarter Stadtmeisterschaft B"]
[Site "Ditzingen"]
[Date "2014.05.30"]
[Round "5.47"]
[White "Walter, Stefan"]
[Black "Bauer, Frank"]
[Result "1-0"]
[WhiteElo "1599"]
[BlackElo "1350"]
[PlyCount "139"]
[EventDate "2014.??.??"]
[WhiteTeam "DJK Stuttgart-Süd"]
[BlackTeam "SC Feuerbach e. V."]

1. d4 f5 2. g3 Nf6 3. Bg2 g6 4. c4 Bg7 5. Nc3 O-O 6. Nf3 d6 7. O-O Qe8 8. d5
Na6 9. Nd2 Bd7 10. Rb1 c6 11. Nb3 c5 12. Bf4 b5 13. Nxb5 Bxb5 14. cxb5 Qxb5 15.
Qd2 Qd7 16. Bh6 Nc7 17. Bxg7 Kxg7 18. Rfd1 h6 19. Qd3 Nh5 20. e4 f4 21. Nd2 Rf6
22. Nc4 Raf8 23. e5 dxe5 24. Be4 Qh3 25. Bg2 Qf5 26. Qxf5 Rxf5 27. g4 Rg5 28.
f3 e4 29. h4 Rxd5 30. gxh5 Rxh5 31. Rd7 Nb5 32. Rxe7+ Kg8 33. Rxe4 g5 34. hxg5
hxg5 35. Re5 Nd4 36. Rbe1 Kh8 37. Re8 Rg8 38. Rxg8+ Kxg8 39. Re5 Kg7 40. Kf2
Kf6 41. Rxc5 Rh7 42. Nd2 Ne6 43. Ne4+ Kg6 44. Re5 Nd4 45. Rxg5+ Kh6 46. Rd5 Nc2
47. Rd6+ Kg7 48. Rd7+ Kg6 49. Rxh7 Kxh7 50. Bf1 Kg7 51. Nd6 Kf6 52. Bd3 Nb4 53.
Bc4 Ke5 54. Nb5 a5 55. Ke2 Na6 56. Kd2 Nc5 57. b3 Na6 58. Kc3 Nb4 59. a3 Nc6
60. b4 a4 61. Kd3 Ne7 62. Nd4 Kd6 63. Bb5 Kd5 64. Bxa4 Nc8 65. Bb3+ Ke5 66. a4
Kd6 67. a5 Kc7 68. b5 Kb7 69. Bd5+ Ka7 70. b6+ 1-0

[Event "Int. Stuttgarter Stadtmeisterschaft B"]
[Site "Ditzingen"]
[Date "2014.05.30"]
[Round "5.48"]
[White "Giugno, Carmelo"]
[Black "Lehnhardt, Julian"]
[Result "0-1"]
[WhiteElo "1447"]
[BlackElo "1593"]
[PlyCount "79"]
[EventDate "2014.??.??"]
[WhiteTeam "Stuttgarter SF 1879"]
[BlackTeam "SV Weil der Stadt"]

1. d4 e6 2. c4 Nf6 3. Nc3 d5 4. Nf3 Bb4 5. Bg5 h6 6. Bh4 c6 7. e3 Nbd7 8. Be2
Qa5 9. Qc2 Ne4 10. Rc1 Qxa2 11. O-O Nxc3 12. bxc3 Qxc2 13. Rxc2 Bd6 14. c5 Bc7
15. c4 O-O 16. Be7 Re8 17. Bd6 Bxd6 18. cxd6 dxc4 19. Bxc4 b5 20. Be2 Bb7 21.
e4 e5 22. d5 Rac8 23. Rfc1 Nb8 24. Nh4 cxd5 25. Rc7 a6 26. Nf5 Kf8 27. Ne7 Rxc7
28. Rxc7 Ba8 29. exd5 b4 30. Bc4 Rd8 31. Nc8 Nd7 32. Bxa6 Bxd5 33. Bb5 b3 34.
Bxd7 Be4 35. Bc6 Bxc6 36. Rxc6 b2 37. Rb6 Rxc8 38. h3 Rc1+ 39. Kh2 b1=Q 40. d7
0-1

[Event "Int. Stuttgarter Stadtmeisterschaft B"]
[Site "Ditzingen"]
[Date "2014.05.30"]
[Round "5.49"]
[White "Kalwei, Reinhard"]
[Black "Awiszus, Thomas"]
[Result "0-1"]
[WhiteElo "1489"]
[BlackElo "1605"]
[PlyCount "86"]
[EventDate "2014.??.??"]
[WhiteTeam "SC Aidlingen"]
[BlackTeam "SK Schmiden/Cannstatt"]

1. e4 c5 2. Nf3 Nc6 3. d4 cxd4 4. Nxd4 d6 5. Bc4 e6 6. a3 Nf6 7. Bg5 Qa5+ 8.
Bd2 Qc5 9. Nxc6 Qxc6 10. Qe2 Qxe4 11. Qxe4 Nxe4 12. Be3 Bd7 13. f3 Nf6 14. O-O
d5 15. Ba2 a6 16. c4 dxc4 17. Bxc4 Rc8 18. Ba2 Be7 19. Nc3 O-O 20. Rfd1 Bc6 21.
Rd3 Rfd8 22. Rad1 Rxd3 23. Rxd3 Rd8 24. Rxd8+ Bxd8 25. Kf2 Bc7 26. g3 e5 27.
Bg5 Kf8 28. Bxf6 gxf6 29. Bb1 h6 30. Ne4 Ke7 31. g4 Bb6+ 32. Kg3 Bd4 33. b3 b5
34. a4 bxa4 35. bxa4 Bxa4 36. Bd3 Bb5 37. Bxb5 axb5 38. Nd2 b4 39. Nb3 Ke6 40.
Kh4 Be3 41. Kh3 Kd5 42. Kg2 Kc4 43. Na5+ Kc3 0-1

[Event "Int. Stuttgarter Stadtmeisterschaft B"]
[Site "Ditzingen"]
[Date "2014.05.30"]
[Round "5.50"]
[White "Albert, Rafael Edwin"]
[Black "Kurpiela, Franz"]
[Result "1-0"]
[WhiteElo "1306"]
[BlackElo "1687"]
[PlyCount "49"]
[EventDate "2014.??.??"]
[WhiteTeam "SF 59 Kornwestheim"]
[BlackTeam "TSG Öhringen"]

1. e4 e5 2. Nc3 Nf6 3. f4 d6 4. Nf3 Bg4 5. h3 Bxf3 6. Qxf3 Nc6 7. Bc4 Nd4 8.
Qd3 Qd7 9. Ne2 Nxe2 10. Qxe2 exf4 11. d3 g6 12. Bxf4 Nh5 13. Bh2 Bg7 14. O-O-O
O-O-O 15. Qf2 Qa4 16. Qxf7 Rhf8 17. Qe6+ Kb8 18. Rhf1 Qb4 19. Bb3 Qd4 20. c3
Qe3+ 21. Kb1 Qe2 22. Rxf8 Rxf8 23. g4 Nf6 24. Qe7 Ne8 25. Qd8# 1-0

[Event "Int. Stuttgarter Stadtmeisterschaft B"]
[Site "Ditzingen"]
[Date "2014.05.30"]
[Round "5.51"]
[White "Wraga, Teresa"]
[Black "Petitto, Francesco"]
[Result "1/2-1/2"]
[WhiteElo "1622"]
[BlackElo "1647"]
[PlyCount "67"]
[EventDate "2014.??.??"]
[WhiteTeam "SG Osnabrück"]
[BlackTeam "SK Sontheim/Brenz e.V."]

1. e4 c5 2. Nf3 d6 3. d4 cxd4 4. Nxd4 Nf6 5. Nc3 a6 6. f3 e5 7. Nde2 Be6 8. Be3
b5 9. Bg5 Nbd7 10. Qd2 Be7 11. Bxf6 Nxf6 12. Ng3 O-O 13. Nf5 Bxf5 14. exf5 d5
15. g4 d4 16. Ne4 Nd5 17. O-O-O Rc8 18. Kb1 Ne3 19. Rc1 Qb6 20. Bd3 a5 21. Qe2
b4 22. h4 a4 23. g5 b3 24. cxb3 axb3 25. a3 Kh8 26. Rxc8 Rxc8 27. Rc1 Rxc1+ 28.
Kxc1 Qc7+ 29. Kb1 Nxf5 30. Bc4 Nxh4 31. Bxb3 Qb6 32. Qc4 Qe6 33. Qb5 Qc8 34.
Qxe5 1/2-1/2

[Event "Int. Stuttgarter Stadtmeisterschaft B"]
[Site "Ditzingen"]
[Date "2014.05.30"]
[Round "5.52"]
[White "Pibernik, Dario"]
[Black "Sigmund, Wolfgang"]
[Result "0-1"]
[WhiteElo "1609"]
[BlackElo "1520"]
[PlyCount "59"]
[EventDate "2014.??.??"]
[WhiteTeam "SV Schorndorf"]
[BlackTeam "SC Eberbach"]

1. d4 d5 2. g3 Bf5 3. Bg2 Nf6 4. c4 c6 5. Qb3 b6 6. Nc3 e6 7. Bg5 Nbd7 8. Nf3
h6 9. Bf4 Be7 10. Ne5 Nxe5 11. Bxe5 Bd6 12. cxd5 cxd5 13. Qb5+ Ke7 14. Bxf6+
gxf6 15. e4 dxe4 16. O-O a6 17. Qe2 Bb4 18. Nxe4 Qxd4 19. a3 Bxe4 20. Bxe4 Qe5
21. Qc4 Bc5 22. Bxa8 Rxa8 23. Rab1 a5 24. b4 axb4 25. axb4 Bd4 26. Rfe1 Qd6 27.
Rbd1 Rd8 28. Re3 e5 29. Red3 Qb8 30. Rxd4 0-1

[Event "Int. Stuttgarter Stadtmeisterschaft B"]
[Site "Ditzingen"]
[Date "2014.05.31"]
[Round "6.1"]
[White "Shahisavandi, Abdollah"]
[Black "Weißenberger, Mario"]
[Result "1-0"]
[WhiteElo "1849"]
[BlackElo "1673"]
[PlyCount "101"]
[EventDate "2014.??.??"]
[WhiteTeam "Karlsruher SF 1853"]
[BlackTeam "Ssg Fils-Lauter e. V."]

1. e4 g6 2. d4 Bg7 3. Be3 d6 4. Nf3 Nf6 5. Nc3 O-O 6. h3 Nbd7 7. Qd2 c6 8. Be2
Qc7 9. g4 e5 10. g5 exd4 11. Nxd4 Ne8 12. h4 b5 13. h5 Nc5 14. hxg6 fxg6 15. f3
a6 16. O-O-O Ne6 17. Nb3 Bb7 18. Rdf1 Rd8 19. Bd3 d5 20. Nc5 Bc8 21. Nxe6 Bxe6
22. Bc5 Rf7 23. a3 Nd6 24. Qh2 Bxc3 25. bxc3 Ne8 26. e5 Rg7 27. Qf4 Qf7 28. Qe3
Nc7 29. Bd4 Re8 30. Rh4 Bf5 31. Bxf5 gxf5 32. f4 Ne6 33. Bb6 Rc8 34. Bc5 Re8
35. Rfh1 Rc8 36. Rh6 Rg6 37. R6h5 Rg7 38. R5h2 Re8 39. Qf2 Rc8 40. Rh4 Re8 41.
Bd6 Qb7 42. Rh6 Nf8 43. Bxf8 Rxf8 44. Qc5 Rff7 45. Rxc6 Rc7 46. Qxd5+ Rgf7 47.
Rhh6 Rxc6 48. Qxc6 Qc7 49. Qxc7 Rxc7 50. Rf6 Rxc3 51. Kb2 1-0

[Event "Int. Stuttgarter Stadtmeisterschaft B"]
[Site "Ditzingen"]
[Date "2014.05.31"]
[Round "6.2"]
[White "Jantos, Stefan"]
[Black "Issaad, Pascal"]
[Result "1-0"]
[WhiteElo "1840"]
[BlackElo "1864"]
[PlyCount "85"]
[EventDate "2014.??.??"]
[WhiteTeam "SF Oeffingen e.V."]
[BlackTeam "SV Stuttgart-Wolfbusch 1956 e.V."]

1. c4 e5 2. Nc3 Nf6 3. g3 Bc5 4. Bg2 O-O 5. e3 Nc6 6. Nge2 d6 7. d4 Bb6 8. O-O
exd4 9. exd4 Bg4 10. Be3 Qc8 11. Qd2 Bh3 12. Nf4 Bxg2 13. Kxg2 Qf5 14. Nfd5 Ba5
15. Nxf6+ Qxf6 16. a3 Bxc3 17. Qxc3 Rad8 18. b4 d5 19. b5 Ne7 20. c5 Nf5 21.
Rad1 b6 22. Bf4 Rd7 23. Rfe1 g5 24. c6 Re7 25. Rxe7 Qxe7 26. Re1 Qd8 27. Bd2
Nd6 28. Qd3 Nc4 29. Bc1 h6 30. f4 Nd6 31. fxg5 hxg5 32. Re5 f5 33. Rxd5 Qf6 34.
Re5 Ne4 35. Qc4+ Kg7 36. Re6 Qf7 37. d5 Nd6 38. Bb2+ Kh7 39. Qe2 Ne4 40. h3 Rd8
41. Qc4 Rg8 42. Qd4 Rd8 43. Qe5 1-0

[Event "Int. Stuttgarter Stadtmeisterschaft B"]
[Site "Ditzingen"]
[Date "2014.05.31"]
[Round "6.3"]
[White "Piskaykin, Bogdan"]
[Black "Atasoy, Tarik"]
[Result "1/2-1/2"]
[WhiteElo "1672"]
[BlackElo "1700"]
[PlyCount "92"]
[EventDate "2014.??.??"]
[WhiteTeam "SV Friedrichshafen"]
[BlackTeam "Schachverein Letmathe 1933 e.V."]

1. Nf3 Nf6 2. c4 g6 3. b3 Bg7 4. Bb2 O-O 5. g3 d6 6. Bg2 e5 7. O-O c6 8. e3 Bg4
9. h3 Be6 10. d4 e4 11. Nfd2 d5 12. Nc3 Na6 13. cxd5 cxd5 14. a3 Rc8 15. b4 Qd7
16. Kh2 Rc7 17. b5 Nb8 18. a4 Rfc8 19. Qb3 a6 20. Rfc1 a5 21. Ne2 b6 22. Rxc7
Rxc7 23. Rc1 Qc8 24. Rxc7 Qxc7 25. Nf4 Nbd7 26. f3 exf3 27. Bxf3 Nf8 28. Qc3
Qxc3 29. Bxc3 g5 30. Nd3 N8d7 31. g4 Kf8 32. Bb2 Ke8 33. Ba3 Bf8 34. Bxf8 Kxf8
35. Nf2 Ke7 36. Kg3 Kd6 37. h4 h6 38. hxg5 hxg5 39. Nh3 Nh7 40. e4 f6 41. exd5
Bxd5 42. Be2 Nhf8 43. Kf2 Ne6 44. Ke3 Ndf8 45. Bd3 Nd7 46. Nc4+ Ke7 1/2-1/2

[Event "Int. Stuttgarter Stadtmeisterschaft B"]
[Site "Ditzingen"]
[Date "2014.05.31"]
[Round "6.4"]
[White "Hahn, Lilli"]
[Black "Graf, Maximilian"]
[Result "0-1"]
[WhiteElo "1773"]
[BlackElo "1796"]
[PlyCount "72"]
[EventDate "2014.??.??"]
[WhiteTeam "SV Balingen"]
[BlackTeam "SK e4 Gerlingen"]

1. d4 d5 2. c4 e5 3. dxe5 d4 4. Nf3 Nc6 5. g3 Bg4 6. Bg2 Qd7 7. O-O h5 8. Bg5
Be7 9. Bxe7 Ngxe7 10. Na3 O-O-O 11. Qb3 h4 12. Rad1 Bh3 13. e6 Bxe6 14. Nxd4
Qe8 15. Nxe6 fxe6 16. Rxd8+ Qxd8 17. Rd1 Qe8 18. Nb5 hxg3 19. Nxa7+ Kb8 20.
Nxc6+ Nxc6 21. Qxg3 Ne7 22. Qf3 Nc6 23. a3 Qg6 24. b4 Qc2 25. Qd3 Qa4 26. Bxc6
Qxc6 27. h3 Qe8 28. Kh2 Qh5 29. Rd2 Rf8 30. Qg3 Qf5 31. Kg1 Qb1+ 32. Kh2 Qe1
33. Ra2 Rxf2+ 34. Qg2 Rxg2+ 35. Kxg2 Qc3 36. h4 Qxc4 0-1